000 00640nam a22001697a 4500
003 OSt
005 20171010095506.0
008 120808t xxu||||| |||| 00| 0 eng d
040 _aMMSU
_cULS
100 _aLayaoen, Thelma Z.
_911920
245 _aMicrobial control of earworm, Helicoverpa armigera (Hubner) using beauveria bassiana (Bals.) Vuill and Bacillus Thuringiensis Sub Sp. Thuringiensis Berliner
_cThelma Z. Layaoen
260 _c1979
300 _axiii, 100 leaves
_c28 cm.
500 _aThesis (MS Entomology) -- University of the Philippines, Los BaƱos, Laguna
504 _aBibliography: leaves 87-96
942 _2ddc
_cTHEDIS
999 _c9678
_d9678